Laboratorio de biología: investigaciones

Kaydedildi:
Detaylı Bibliyografya
Asıl Yazarlar: Green, Edna P (Yazar), Bobrowsky, Kenneth (Yazar)
Materyal Türü: Kitap
Dil:İspanyolca
Baskı/Yayın Bilgisi: Ciudad de México Publicaciones Cultural 1970
Konular:
Etiketler: Etiketle
Etiket eklenmemiş, İlk siz ekleyin!

MARC

LEADER 00000nam a2200000 a 4500
001 UCU0435
003 CL-VaPUC
008 960322e19700000MX |||||||||||||||||spa|d
082 0 4 |a 570.724  |b GRE  |2 21 
100 0 |a Green, Edna P  |e author  |9 355575 
700 0 |a Bobrowsky, Kenneth  |e author  |9 355576 
245 1 0 |a Laboratorio de biología: investigaciones 
300 |a 246 p 
942 |c BK 
945 |d 19960322 00:00:00  |a cmena 
260 |a Ciudad de México  |b Publicaciones Cultural  |c 1970 
650 0 |a Biología  |9 262022 
650 7 |a LABORATORIOS  |2 CL-VaPUC  |9 264068 
650 7 |a EXPERIMENTOS  |2 CL-VaPUC  |9 270782 
650 7 |a MICROSCOPIO  |2 CL-VaPUC  |9 343016 
650 7 |a INVESTIGACION BIOLOGICA  |2 CL-VaPUC  |9 334803 
583 |a last modification  |c 19960322 00:00:00  |k Rodrigo Vera 
999 |c 245289  |d 245287 
952 |0 0  |1 0  |4 0  |6 570_724000000000000_GRE_1970  |7 0  |8 P  |9 259754  |a BIBEDU  |b BIBEDU  |c BIBEDU_PB  |d 2019-11-19  |i 163450K  |o 570.724 GRE 1970  |p 163450K  |r 2024-01-25  |w 2019-11-19  |y BK  |k EDU